000 02035nam a2200325 i 4500
001 768714001
003 CO-MdFUSB
005 20250421105339.0
008 240222t1966 ck |||| |||| 001 0dspa d
020 _a[No incluye ISBN]
040 _aCO-MdFUSB
_bspa
_cCO-MdFUSB
_dCO-MdFUSBC
_erda
041 _aspa
_heng
082 _a238.5
_222
_bH498
100 _aHendry, George Stuart,
_eautor
240 _aThe westminters confession for today
245 _aLa confesión de fe de Westminster para el dia de hoy
_c/ George S. Hendry ; traducido por Jorge Lara Braud
250 _aSegunda edición
264 1 _bIqueima,
_aBogotá, Colombia :
_c[1966]
264 4 _c©1966
300 _a262 páginas
_c; 16 cm
336 _2rdacontent
_atexto
_btxt
337 _2rdamedia
_asin mediación
_bn
338 _2rdacarrier
_avolumen
_bnc
505 _t
_aLas sagradas escrituras. -- Dios y la santísima trinidad. -- Los decretos eternos de Dios. -- La creación. -- La divina providencia. -- La caída del hombre, el pecado y su castigo. -- El pacto de Dios con el hombre. -- Cristo el mediador. -- El Espíritu Santo. -- El evangelio. -- La libertad humana. -- El llamamiento eficaz. -- La justificación. -- La adopción. -- La fe que salva. -- El arrepentimiento para vida. -- Las buenas obras. -- La perseverancia de los santos. -- La seguridad de la gracia y de la salvación. -- La ley de Dios. -- La libertad Cristiana y la libertad de conciencia. -- El culto religioso y el dia de reposo. -- Los juramentos y votos lícitos. -- La autoridad civil. -- El matrimonio y el divorcio. -- La iglesia. -- La comunión de los santos. -- Los sacramentos. -- El bautismo. -- La cena del señor. -- Las censuras eclesiástica. -- Los sínodos y los concilios. -- El estado del hombre después de la muerte y la resurrección d elos muertos. -- El juicio final.
563 _aRústica
650 7 _aTeología dogmática
_2embne
_96937
700 _aLara-Braud, Jorge,
_99129
_etraductor
942 _cBK
945 _aLuz Peña
999 _c69310
_d69310